000 00386pab a2200157 454500
008 180718b2011 xxu||||| |||| 00| 0 eng d
100 _aSharma, Divya
245 _aManaging and development an institution of higher learning
260 _c2011
300 _ap.18-22.
362 _a19 Sep
650 _aHigher education
773 _aUniversity News
908 _aN
909 _a93206
999 _c93206
_d93206